The global property investor's toolkit : a sourcebook for successful decision making (Record no. 110355)

MARC details
000 -LEADER
fixed length control field 02432cad a22002535a 4500
001 - CONTROL NUMBER
control field L149059
008 - FIXED-LENGTH DATA ELEMENTS--GENERAL INFORMATION
fixed length control field 091217s2008 xxk f 000 0 eng d
020 ## - INTERNATIONAL STANDARD BOOK NUMBER
International Standard Book Number 9781841127743
035 ## - SYSTEM CONTROL NUMBER
System control number (Sirsi) u149059
041 0# - LANGUAGE CODE
Language code of text/sound track or separate title eng
050 04 - LIBRARY OF CONGRESS CALL NUMBER
Classification number 333.33
100 1# - MAIN ENTRY--PERSONAL NAME
Personal name Barrow, Colin
245 04 - TITLE STATEMENT
Title The global property investor's toolkit : a sourcebook for successful decision making
Medium [electronic resource]
260 ## - PUBLICATION, DISTRIBUTION, ETC.
Place of publication, distribution, etc. London
Name of publisher, distributor, etc. John Wiley & Sons Ltd
Date of publication, distribution, etc. 2008
300 ## - PHYSICAL DESCRIPTION
Extent eBook
505 2# - FORMATTED CONTENTS NOTE
Formatted contents note Chapter 1 Why Buy More Property? -- Chapter 2 Why Buy Abroad? -- Chapter 3 The World Property Markets - Segments and Drivers -- Chapter 4 It's a Global World - The Coming of Capitalism -- Chapter 5 Factors that Drive Property Yields and Returns -- Chapter 6 Evaluating Economies -- Chapter 7 Checking the Local Environment -- Chapter 8 Getting To and Fro -- Chapter 9 Money Matters -- Chapter 10 Researching the Legal Environment -- Chapter 11 Tourism Potential -- Chapter 12 Property Performance and Appraisal: Narrowing Down your Choice of Country -- Chapter 13 Using an Estate Agent/Broker/Realtor -- Chapter 14 Finding a Property Yourself -- Chapter 15 Finding a Lawyer -- Chapter 16 Undertaking Surveys -- Chapter 17 Renting Before You Buy and Other Non-Ownership Options -- Chapter 18 Climate Matters -- Chapter 19 Language Matters -- Chapter 20 Getting Around the Country -- Chapter 21 Moving your Effects -- Chapter 22 Renovating and Building -- Chapter 23 Going into the Rental Business -- Chapter 24 Staying in Touch with Home
520 ## - SUMMARY, ETC.
Summary, etc. An eBook about how real estate investors and speculators can take their business global. The real estate boom has gone global, and those successful investors who want to keep up their profits are starting to look at emerging markets on other continents. Markets in South America, Eastern Europe, India, and Asia are currently experiencing the rapid growth that mature domestic markets experienced a few years ago. Based on the author's personal experience buying and selling dozens of overseas properties, this book provides all the relevant data investors need to evaluate properties and markets anywhere in the world.
590 ## - LOCAL NOTE (RLIN)
Local note KA NTK
650 24 - SUBJECT ADDED ENTRY--TOPICAL TERM
Topical term or geographic name entry element EBOOK
651 #4 - SUBJECT ADDED ENTRY--GEOGRAPHIC NAME
Geographic name International
690 ## - LOCAL SUBJECT ADDED ENTRY--TOPICAL TERM (OCLC, RLIN)
Topical term or geographic name as entry element PROPERTY-COMMERCIAL PROPERTY-COMMERCIAL PROPERTY MARKET
856 40 - ELECTRONIC LOCATION AND ACCESS
Uniform Resource Identifier <a href="https://www.vlebooks.com/">https://www.vlebooks.com/</a>
Public note View on VLEbooks. Logins for members only from [email protected]
942 ## - ADDED ENTRY ELEMENTS (KOHA)
Suppress in OPAC 0
Source of classification or shelving scheme Dewey Decimal Classification
Holdings
Withdrawn status Lost status Source of classification or shelving scheme Damaged status Not for loan Home library Current library Shelving location Date acquired Total Checkouts Full call number Barcode Date last seen Copy number Price effective from Koha item type
    Dewey Decimal Classification     Virtual Virtual Online 17/12/2009   EBOOK 149059-2001 06/08/2019 1 06/08/2019 Book